<?xml version="1.0" encoding="UTF-8"?>
<record
    xmlns:xsi="http://www.w3.org/2001/XMLSchema-instance"
    xsi:schemaLocation="http://www.loc.gov/MARC21/slim http://www.loc.gov/standards/marcxml/schema/MARC21slim.xsd"
    xmlns="http://www.loc.gov/MARC21/slim">

  <leader>00907nab a2200241 uc4500</leader>
  <controlfield tag="001">875321</controlfield>
  <controlfield tag="005">20240918091635.0</controlfield>
  <controlfield tag="008">040528e20031005                    spa  </controlfield>
  <datafield tag="035" ind1=" " ind2=" ">
    <subfield code="a">875321</subfield>
  </datafield>
  <datafield tag="035" ind1=" " ind2=" ">
    <subfield code="a">(OCoLC)820107428</subfield>
  </datafield>
  <datafield tag="040" ind1=" " ind2=" ">
    <subfield code="c">comduadb</subfield>
  </datafield>
  <datafield tag="041" ind1=" " ind2=" ">
    <subfield code="a">spa</subfield>
  </datafield>
  <datafield tag="100" ind1="1" ind2="0">
    <subfield code="a">Orrego Arismendi, Juan Carlos,</subfield>
    <subfield code="d">1974-</subfield>
    <subfield code="4">aut</subfield>
    <subfield code="e">aut</subfield>
    <subfield code="9">268075</subfield>
  </datafield>
  <datafield tag="245" ind1="1" ind2="0">
    <subfield code="a">Un ingles en el extremo del mundo. Aversiones y esperanzas de un viaje a la Patagonia</subfield>
  </datafield>
  <datafield tag="650" ind1=" " ind2=" ">
    <subfield code="a">Patagonia (Argentina)</subfield>
    <subfield code="9">27642</subfield>
  </datafield>
  <datafield tag="650" ind1=" " ind2="7">
    <subfield code="a">Relatos de viajes</subfield>
    <subfield code="2">lemb</subfield>
    <subfield code="9">39909</subfield>
  </datafield>
  <datafield tag="650" ind1=" " ind2=" ">
    <subfield code="a">Chatwin, Bruce. En la Patagonia</subfield>
    <subfield code="9">64740</subfield>
  </datafield>
  <datafield tag="650" ind1=" " ind2=" ">
    <subfield code="a">Cultura latinoamericana</subfield>
    <subfield code="9">23209</subfield>
  </datafield>
  <datafield tag="650" ind1=" " ind2=" ">
    <subfield code="a">Tierra del Fuego - Descripciones y viajes</subfield>
    <subfield code="9">13301</subfield>
  </datafield>
  <datafield tag="650" ind1=" " ind2=" ">
    <subfield code="a">Am&#xE9;rica Latina - Aspectos culturales</subfield>
    <subfield code="9">46743</subfield>
  </datafield>
  <datafield tag="773" ind1="0" ind2=" ">
    <subfield code="t">Revista Universidad de Antioquia (Medell&#xED;n)</subfield>
    <subfield code="g">N&#xFA;mero 0274, Octubre-Diciembre 2003, p. 45-49</subfield>
    <subfield code="w">8343</subfield>
    <subfield code="x">0120-2367</subfield>
    <subfield code="0">3907</subfield>
  </datafield>
  <datafield tag="942" ind1=" " ind2=" ">
    <subfield code="c">ARIMP</subfield>
  </datafield>
  <datafield tag="999" ind1=" " ind2=" ">
    <subfield code="c">321009</subfield>
    <subfield code="d">321009</subfield>
  </datafield>
</record>
